Central Library OPAC University of Rajshahi

Fundamentals of genetics : (Record no. 53552)

MARC details
000 -LEADER
fixed length control field 00629nam a2200217 a 4500
001 - CONTROL NUMBER
control field 53552
003 - CONTROL NUMBER IDENTIFIER
rucl marc code BD-RjUL
005 - DATE AND TIME OF LATEST TRANSACTION
control field 20211209080000.0
008 - FIXED-LENGTH DATA ELEMENTS--GENERAL INFORMATION
fixed length control field 161017s1973 bg a 001 0 eng
035 ## - SYSTEM CONTROL NUMBER
System control number (BD-RjUL)53674
040 ## - CATALOGING SOURCE
Original cataloging agency DLC
Transcribing agency DLC
Modifying agency BD-RjUL
Language of cataloging eng
041 ## - LANGUAGE CODE
Language code of text/sound track or separate title eng
082 00 - DEWEY DECIMAL CLASSIFICATION NUMBER
Edition number 23
Classification number 576.5
Author mark and year ISF 1973
100 1# - MAIN ENTRY--PERSONAL NAME
Personal name Islam, A.S.
9 (RLIN) 160043
245 10 - TITLE STATEMENT
Title Fundamentals of genetics :
Remainder of title (Garden pea to gene synthesis) /
Statement of responsibility, etc. A. S. Islam
260 ## - PUBLICATION, DISTRIBUTION, ETC. (IMPRINT)
Place of publication, distribution, etc. Dacca :
Name of publisher, distributor, etc. Ehram Corporation,
Date of publication, distribution, etc. 1973.
300 ## - PHYSICAL DESCRIPTION
Pagination [2], iv, 460, [26], xxi p. :
Illustrations ill. ;
Size 22cm.
500 ## - GENERAL NOTE
General note Includes index.
650 #0 - SUBJECT ADDED ENTRY--TOPICAL TERM
Topical term or geographic name as entry element Genetics.
9 (RLIN) 160044
942 ## - ADDED ENTRY ELEMENTS (KOHA)
Source of classification or shelving scheme Dewey Decimal Classification
Koha item type Books
Holdings
Lost status Source of classification or shelving scheme Damaged status Not for loan Collection code Permanent Location Current Location Shelving location Date acquired Source of acquisition Cost, normal purchase price Total Checkouts Full call number Date last seen Copy number Koha item type Date checked out
  Dewey Decimal Classification     Non-fiction Central Library, University of Rajshahi Central Library, University of Rajshahi   01/06/1973 Dr. Mozammel Hoque .botany.dept. 35.00   576.5 ISF 1973 17/10/2016 C-2 Books  
  Dewey Decimal Classification     Non-fiction Central Library, University of Rajshahi Central Library, University of Rajshahi   01/06/1973 Dr. Mozammel Hoque .botany.dept. 35.00   576.5 ISF 1973 24/09/2018 C-3 Books  
  Dewey Decimal Classification     Non-fiction Central Library, University of Rajshahi Central Library, University of Rajshahi   01/06/1973   35.00   576.5 ISF 1973 27/09/2018 C-4 Books  
  Dewey Decimal Classification     Non-fiction Central Library, University of Rajshahi Central Library, University of Rajshahi   01/06/1973   35.00   576.5 ISF 1973 27/09/2018 C-5 Books  
  Dewey Decimal Classification   Not For Loan Non-fiction Central Library, University of Rajshahi Central Library, University of Rajshahi Reading Room 04/10/2018       576.5 ISF 1973 04/10/2018 C-1 Books  
  Dewey Decimal Classification     Non-fiction Central Library, University of Rajshahi Central Library, University of Rajshahi   04/10/2018       576.5 ISF 1973 04/10/2018 C-6 Books  
  Dewey Decimal Classification       Central Library, University of Rajshahi Central Library, University of Rajshahi   01/06/1973 Dr. Mozammel Hoque .botany.dept. 35.00 14 576.5 ISF 1973 28/10/2024 C-7 Books 27/08/2024
  Dewey Decimal Classification     Non-fiction Central Library, University of Rajshahi Central Library, University of Rajshahi   01/06/1973 M.Huq, Botany Dept. 35.00   576.5 ISF 1973 09/12/2018 C-8 Books  
  Dewey Decimal Classification     Non-fiction Central Library, University of Rajshahi Central Library, University of Rajshahi   01/06/1973 Dr. Mozammel Hoque .botany.dept. 35.00   576.5 ISF 1973 24/12/2018 C-9 Books  
  Dewey Decimal Classification     Non-fiction Central Library, University of Rajshahi Central Library, University of Rajshahi   10/06/1973 H. Haq, Botany 35.00   576.5 ISF 1973 05/01/2019 C-10 Books